01507cam a2200361 i 4500001001000000003000900010005001700019008004100036020001500077020001800092040004300110082002100153100004100174245027600215264004700491264001000538300005800548336002600606337002800632338002700660500002400687504005100711650004000762650003400802650004800836653002000884655001700904700003000921700004400951942001200995999001701007952012101024010384338EG-ScBUE20250525123523.0970113t1998 enka f bd 001 0 eng d a0471967890 a9780471967897 aEG-ScBUEbengerdadEG-ScBUEcEG-ScBUE04222a532.051bGRE1 aGresho, P. M.q(Philip M.),eauthor.10aIncompressible flow and the finite element method :badvection-diffusion and isothermal laminar flow /cP. M. Gresho, Lawrence Livermore National Laboratory, R. L. Sani, University of Colorado, in collaboration with M. S. Engelman, Fluid Dynamics International, Evanston. 1aChichester : bJohn Wiley & Sons, c[1998] 4cc1998 axx, 1021 pages :billustrations (some color) ;c25 cm 2rdacontentatextbtxt aunmediated2rdamediabn avolumebnc2rdacarrier aIncludes glossary.  aIncludes bibliographical references and index. 7aFinite element method.2BUEsh92126 7aFluid mechanics.2BUEsh95179 7aReaction-diffusion equations.2BUEsh910933 bGGENcMarch2018 vReading book1 aSani, Robert L.,eauthor.1 aEngelman, M. S.q(Michael S.),eauthor. 2ddccBB c26256d26228 00102ddc40708BaccahaMAINbMAINc1STd2018-03-06l0o532.051 GREp000047361r2025-07-15 00:00:00w2018-03-06yBB